000 00627nam a2200181Ia 4500
008 100920s9999 xx 000 0 und d
082 _b17789
_a930 थ 66
100 _aपारगावकर वि. शं.
245 _aजुनागड ते काश्मीर.
260 _bज्ञानराज प्रकाशन, पुणे 2.
_c1966
300 _a126
_bसाधी
365 _b4
520 _aइतिहास.
630 _aजुनागड ते काश्मीर.
650 _aइतिहास.
730 _aजुनागड ते काश्मीर.
942 _cBOOK
999 _c679733
_d679730